[Event "3rd SPAChess Open"]
[Site "Amsterdam NED"]
[Date "2013.07.14"]
[Round "9.18"]
[White "Boelhouwer,Collin"]
[Black "Kohler,Ar"]
[Result "1-0"]
[WhiteElo "2103"]
[BlackElo "2260"]

1.e4 g6 2.d4 Bg7 3.Nc3 d6 4.Be3 c6 5.h3 a6 6.Nf3 b5 7.Bd3 Nd7 8.a4 b4 9.Ne2 c5
10.c3 Rb8 11.O-O Ngf6 12.Ng3 O-O 13.a5 e5 14.dxe5 dxe5 15.Qe2 bxc3 16.bxc3 Ra8
17.Nd2 Ne8 18.Nc4 Qc7 19.Rfb1 Bb7 20.Nb6 Nxb6 21.Rxb6 Nd6 22.Rab1 c4 23.Bxc4 Bxe4
24.R1b4 Bf5 25.Bd5 Rad8 26.c4 Bc8 27.Bg5 Rde8 28.Qd2 Nf5 29.Nxf5 gxf5 30.Qe2 Kh8
31.Qh5 e4 32.Bh6 Qe5 33.Bxf7 Re7 34.Bd5 Qa1+ 35.Rb1 Qxa5 36.Bf4 Rd7 37.Be6 Rd3
38.Bxc8 Rxc8 39.Rb7 Qc3 40.Qxf5 e3 41.Qxc8+  1-0

[Event "ch-BEL Open 2013"]
[Site "Antwerp BEL"]
[Date "2013.07.14"]
[Round "9.33"]
[White "Ismail,Tamer"]
[Black "Voet,D"]
[Result "0-1"]
[WhiteElo "1805"]
[BlackElo "1930"]

1.e4 g6 2.d4 Bg7 3.Nc3 d6 4.f4 c5 5.dxc5 Qa5 6.Bd2 Qxc5 7.Nf3 a6 8.Bd3 Nf6
9.Qe2 O-O 10.h3 Nh5 11.Qf2 Nd7 12.g4 Qxf2+ 13.Kxf2 Nhf6 14.Be3 b5 15.e5 dxe5
16.fxe5 Ne8 17.Be4 Rb8 18.Ba7 Rb7 19.Bxb7 Bxb7 20.Rhe1 Bxf3 21.Kxf3 Nxe5+
22.Kg2 Nc4 23.Nd5 e6 24.Nb4 Bxb2 25.Rab1 Bc3 26.Re2 Nc7 27.Nd3 Nd5 28.Kf3 Nd2+
29.Rxd2 Bxd2 30.Bd4 Rc8 31.Rb2 Bc3 32.Bxc3 Nxc3 33.Nb4 a5 34.Nd3 b4 35.Rb3 Nxa2
36.Rb2 Nc3 37.Nc1 f6 38.Ne2 Kf7 39.Nxc3 Rxc3+ 40.Kg2 e5 41.Ra2 Rc5 42.Kf3 Ke6  0-1

[Event "50th Canadian Open 2013"]
[Site "Ottawa CAN"]
[Date "2013.07.14"]
[Round "2"]
[White "Chirila,I"]
[Black "Itkin,David"]
[Result "1-0"]
[WhiteElo "2528"]
[BlackElo "2023"]

1.d4 g6 2.e4 Bg7 3.Nc3 d6 4.f4 a6 5.Nf3 b5 6.a3 Bb7 7.Be3 Nd7 8.e5 e6 9.Bd3 d5
10.h3 h5 11.g3 Qe7 12.Qe2 Nh6 13.O-O-O b4 14.axb4 Qxb4 15.Ng5 Nf8 16.g4 hxg4
17.hxg4 c5 18.f5 c4 19.f6 cxd3 20.fxg7 dxe2 21.gxh8=Q exd1=Q+ 22.Nxd1 Nxg4
23.Nxf7 Kxf7 24.Rf1+ Ke8 25.Bg5 Rc8 26.Qg7 Nh6 27.Bxh6 Rxc2+ 28.Kb1 Rc1+
29.Bxc1  1-0

[Event "Universiade Men"]
[Site "Kazan RUS"]
[Date "2013.07.15"]
[Round "9.20"]
[White "Schaerer,J"]
[Black "Petenyi,T"]
[Result "0-1"]
[WhiteElo "2294"]
[BlackElo "2480"]

1.e4 g6 2.d4 Bg7 3.Nc3 d6 4.Be3 Nc6 5.Qd2 e5 6.Nge2 exd4 7.Nxd4 Nf6 8.f3 O-O
9.O-O-O Nxd4 10.Bxd4 Be6 11.g4 Qe7 12.h4 Nd7 13.Bxg7 Kxg7 14.h5 g5 15.Be2 h6
16.Rhf1 Ne5 17.Qd4 Qf6 18.Bb5 a6 19.Be2 Qf4+ 20.Qd2 Qxd2+ 21.Rxd2 Kf6 22.Nd1 Ke7
23.Ne3 c6 24.b3 Rfd8 25.Kb2 Rd7 26.a3 Rad8 27.Rd4 b5 28.Rfd1 Rb8 29.R4d2 Rc8
30.Ng2 d5 31.exd5 Rxd5 32.Ne3 Rxd2 33.Rxd2 Rf8 34.Bd3 Nxf3 35.Rf2 Ne5 36.Bf5 Rd8
37.Kc3 c5 38.b4 cxb4+ 39.axb4 Rc8+ 40.Kd4 Nc4 41.Nd5+ Kd6 42.Nf6 Rd8 43.Bd3 Ke7+
44.Kc5 Ne5 45.Kb6 Rd6+ 46.Kb7 Nxg4 47.Nxg4 Bxg4 48.Rh2 f5 49.Rf2 f4  0-1

[Event "10th South Wales Int 2013"]
[Site "Penarth WLS"]
[Date "2013.07.15"]
[Round "4.24"]
[White "Evans,James"]
[Black "Steffens,O"]
[Result "0-1"]
[WhiteElo "1428"]
[BlackElo "2200"]

1.e4 g6 2.d4 Bg7 3.Nc3 d6 4.Nf3 a6 5.Be2 b5 6.O-O Bb7 7.Be3 Nd7 8.Qd3 Ngf6
9.Nd2 c5 10.dxc5 Ne5 11.Qd4 Nc6 12.Qd3 Nb4 13.Qd4 Nxc2 14.Qd3 Nxa1 15.Rxa1 dxc5
16.Qxd8+ Rxd8 17.Rd1 c4 18.f3 O-O 19.Bc5 Rd7 20.Nf1 Re8 21.Ne3 Rxd1+ 22.Nexd1 Nd7
23.Bb4 Bd4+ 24.Nf2 Ne5 25.Kf1 Nc6 26.a3 a5 27.Nxb5 axb4 28.Nxd4 Nxd4 29.Bxc4 Rc8
30.Be2 Rc2 31.Bd1 b3  0-1

[Event "28th Gniot Mem 2013"]
[Site "Police POL"]
[Date "2013.07.15"]
[Round "6.9"]
[White "Maniocha,A"]
[Black "Shilov,S"]
[Result "1-0"]
[WhiteElo "2118"]
[BlackElo "2189"]

1.e4 g6 2.d4 Bg7 3.Nc3 d6 4.Be3 a6 5.Qd2 b5 6.f3 Nd7 7.h4 h5 8.Nh3 c5 9.dxc5 b4
10.Na4 Qa5 11.c6 Qxa4 12.cxd7+ Bxd7 13.Bc4 Rc8 14.Bb3 Qb5 15.Bd4 Bxd4 16.Qxd4 Nf6
17.a3 bxa3 18.Rxa3 O-O 19.Ng5 Nh7 20.Nxh7 Kxh7 21.Kf2 Be6 22.Ba4 Qb7 23.Rb1 Rc4
24.Qd2 Rfc8 25.c3 R4c5 26.Bd1 d5 27.Be2 dxe4 28.Bxa6 Qb6 29.Qe3 Ra8 30.fxe4 Bc4
31.Bxc4 Rxa3 32.bxa3 Qf6+ 33.Qf3 Rxc4 34.Qxf6 exf6 35.Ra1 Ra4 36.Ke3 Kg7
37.Kd3 Kf8 38.c4 Ke7 39.Kc3 Kd6 40.Kb3 Ra6 41.Rd1+ Ke5 42.c5 Kxe4 43.Rd6 Ra7
44.c6 Rc7 45.Kc4 Re7 46.Kb4 Ke5 47.Rd7 Re6 48.c7 Rc6 49.Kb5 Rc3 50.Rxf7 Kd6
51.a4 Rxc7 52.Rxc7 Kxc7 53.Kc5 g5 54.Kd5 Kd7 55.a5 gxh4 56.Ke4 Kc6 57.Kf5 Kb5
58.Kxf6 Kxa5 59.Kg5 h3 60.gxh3 h4 61.Kxh4 Kb5 62.Kg5 Kc5 63.h4 Kd6 64.Kf6  1-0

[Event "28th Gniot Mem 2013"]
[Site "Police POL"]
[Date "2013.07.15"]
[Round "6.7"]
[White "Perske,Thore"]
[Black "Franzen,Joz"]
[Result "1/2-1/2"]
[WhiteElo "2158"]
[BlackElo "2299"]

1.e4 g6 2.d4 Bg7 3.Nc3 d6 4.Nf3 Nf6 5.Be2 O-O 6.O-O c6 7.a4 b6 8.Re1 Qc7
9.Bf4 Nh5 10.Be3 e5 11.Qd2 Nd7 12.Bh6 Re8 13.Bxg7 Kxg7 14.g3 Nhf6 15.Bf1 Nf8
16.Bg2 Bg4 17.h3 Bxf3 18.Bxf3 Ne6 19.Ne2 h6 20.Bg2 Rad8 21.d5 cxd5 22.exd5 Nc5
23.Nc3 a6 24.a5 bxa5 25.Na4 Nxa4 26.Rxa4 Rb8 27.c4 Nd7 28.Rxa5 Nc5 29.Ra3 Qb6
30.Rb1 Qb4 31.Qc2 Rb6 32.h4 h5 33.Kh2 Reb8 34.f4 exf4 35.gxf4 Nd7 36.Ra4 Qc5
37.b4 Qe3 38.Qc1 Qxc1 39.Rxc1 Rxb4 40.Rxa6 R8b6 41.Ra7 Nc5 42.Rc3 Rb3 43.Rxb3 Rxb3
44.Rc7 Rc3 45.Rc6 Rxc4 46.Kg3 Rc3+ 47.Kh2 Ra3 48.Rxd6 Nd3 49.f5 gxf5 50.Bf3 Ra2+
51.Kg1 Nf4 52.Rb6 Rd2 53.d6 Kf6 54.d7+ Ke7 55.Rb5 Nh3+ 56.Kh1 Nf2+ 57.Kg1 Kxd7
58.Rxf5 Nh3+ 59.Kh1 Rf2 60.Rxf7+ Ke6  1/2-1/2

[Event "MTS GM 2013"]
[Site "Izmir TUR"]
[Date "2013.07.16"]
[Round "8.3"]
[White "Salakhutdinov,I"]
[Black "Yilmazyerli,M"]
[Result "0-1"]
[WhiteElo "2287"]
[BlackElo "2352"]

1.e4 g6 2.d4 Bg7 3.Nc3 d6 4.Be3 a6 5.h3 b5 6.a3 Bb7 7.g4 Nd7 8.Bg2 Nb6 9.b3 c5
10.Nge2 Qc7 11.O-O Nf6 12.Qd2 b4 13.axb4 cxb4 14.Na4 Nxa4 15.Rxa4 Nxe4 16.Qxb4 Rb8
17.c4 Ng3 18.fxg3 Bxg2 19.Kxg2 Rxb4 20.Rxb4 O-O 21.Ra1 e5 22.d5 f5 23.gxf5 Qf7
24.Rf1 gxf5 25.Rf3 Qg6 26.Kf2 Bf6 27.Ke1 f4 28.gxf4 Qe4 29.Rg3+ Kh8 30.Kd2 exf4
31.Bxf4 Bh4 32.Re3 Qb1 33.Ng3 Qb2+ 34.Kd3 Qf6 35.Ne2 Be1 36.Rb7 Qg6+ 37.Kd4 Bf2
38.Kc3 Qf6+ 39.Kd3 Bxe3 40.Bxe3 Qf5+ 41.Kd2 Re8 42.Nf4 Qe4 43.Ne6 Rxe6 44.dxe6 Qxb7  0-1

[Event "Lueneburg IM 2013"]
[Site "Lueneburg GER"]
[Date "2013.07.16"]
[Round "2.1"]
[White "Hinrichs,Lars"]
[Black "Gazic,J"]
[Result "0-1"]
[WhiteElo "1997"]
[BlackElo "2289"]

1.e4 g6 2.d4 Bg7 3.Nc3 d6 4.Be3 Nc6 5.Nf3 Nf6 6.Qd2 Ng4 7.Bg5 h6 8.Bh4 O-O
9.h3 Nf6 10.O-O-O a6 11.g4 b5 12.e5 Nh7 13.Bg3 Bb7 14.Bg2 e6 15.Ne4 Na7 16.Ne1 Bxe4
17.Bxe4 d5 18.Bd3 c5 19.dxc5 Qc7 20.f4 Rfc8 21.f5 Qxc5 22.fxg6 fxg6 23.Bxg6 Nf8
24.Bd3 Nc6 25.Nf3 b4 26.Bf4 b3 27.axb3 Nb4 28.Rdf1 Rc7 29.Kd1 Qa5 30.Ke2 Rac8
31.c3 Nxd3 32.Qxd3 Qa2 33.Qd2 Qxb3 34.Nd4 Qc4+ 35.Kf3 Rf7 36.Kg2 Ng6 37.Bg3 Rcf8
38.Rxf7 Rxf7 39.Re1 Nf8 40.Qe2 Qa4 41.Rf1 Rb7 42.Rf2 Qa1 43.Bh4 Ng6 44.Bg3 Rb6
45.Qc2 Nf8 46.Bh4 Rb7 47.Bf6 Bxf6 48.exf6 Kf7 49.Qd2 Kg6 50.Nc6 Qb1 51.Ne5+ Kh7
52.Nd3 Rf7 53.h4 Ng6 54.Kg3 Qh1 55.Rh2 Qe4 56.g5 Ne5 57.Nxe5 Qxe5+ 58.Qf4 Qe1+
59.Kh3 Qb1 60.Rg2 hxg5 61.hxg5 Kg6 62.Kg4 Rh7 63.Qf3 Rh5 64.Kf4 Qf5+ 65.Ke3 Rh3
66.Rg3 Qxg5+ 67.Kf2 Rxg3 68.Qxg3 Qxg3+ 69.Kxg3 Kxf6 70.Kf4 e5+ 71.Ke3 a5
72.b3 Ke6 73.Kd3 Kd6 74.Ke3 Kc5 75.Kd3 Kb5 76.Ke3 a4 77.bxa4+ Kxa4 78.Kd2 Kb5
79.Kd3 Kc5 80.Kd2 Kc4 81.Kc2 e4 82.Kd2 Kb3  0-1

[Event "XV Sant Marti Open A"]
[Site "Barcelona ESP"]
[Date "2013.07.17"]
[Round "5.23"]
[White "Dukaczewski,P"]
[Black "Fabregas Fontanet,A"]
[Result "1-0"]
[WhiteElo "2226"]
[BlackElo "2045"]

1.e4 g6 2.d4 Bg7 3.Nc3 d6 4.f4 c6 5.Nf3 Bg4 6.Be3 Nf6 7.h3 Bxf3 8.Qxf3 Qa5
9.O-O-O Nbd7 10.g4 O-O-O 11.g5 Ne8 12.f5 Nc7 13.fxg6 fxg6 14.Qf7 Bf8 15.h4 Kb8
16.Bh3 Nb6 17.Kb1 d5 18.Bf1 dxe4 19.h5 gxh5 20.Bf4 Nd5 21.Be5 Nxc3+ 22.bxc3 e6
23.Rxh5 Ba3 24.Bxc7+ Qxc7 25.Qxc7+ Kxc7 26.Bg2 e3 27.Re1 c5 28.Rxe3 Rd6 29.c4 Rb6+
30.Rb3 cxd4 31.g6 Bf8 32.Rxh7+ Rxh7 33.gxh7 Rxb3+ 34.axb3 Bg7 35.c5 a5 36.b4 b6
37.c6 axb4 38.Ka2 b5 39.Kb3 Kb6 40.Kxb4 Bf6 41.Be4 Be7+ 42.Kb3 Bf6 43.Ka2 Bg7
44.Kb1 Bf6 45.Kc1 Bg7 46.Kd2 Bf6 47.Ke2 Bg7 48.Kf3 Be5 49.Kg4 b4 50.Kg5 d3
51.Bxd3 Kxc6 52.Kg6 Kd5 53.Kf7 Kd4 54.Kxe6 Bh8 55.Bb5  1-0

[Event "Lueneburg Open 2013"]
[Site "Lueneburg GER"]
[Date "2013.07.17"]
[Round "3.3"]
[White "Das,Arg"]
[Black "Gazic,J"]
[Result "1/2-1/2"]
[WhiteElo "2493"]
[BlackElo "2289"]

1.e4 g6 2.d4 Bg7 3.Nc3 d6 4.Be3 Nf6 5.f3 O-O 6.Qd2 Nc6 7.h4 e5 8.d5 Ne7 9.O-O-O Nh5
10.Nh3 Bxh3 11.Rxh3 f5 12.exf5 gxf5 13.g4 fxg4 14.fxg4 Nf4 15.Rh1 Qd7 16.Rg1 a6
17.Bc4 b5 18.Bb3 Neg6 19.h5 Nh4 20.Rg3 b4 21.Ne4 Qb5 22.c4 bxc3 23.Nxc3 Qb4
24.Bc2 e4 25.Bxf4 Rab8 26.Bb3 Nf3 27.Qe3 Bxc3 28.bxc3 Qa3+ 29.Kc2 Rxb3 30.axb3 Qa2+  1/2-1/2

[Event "Czech Open G1 Rapid 2013"]
[Site "Pardubice CZE"]
[Date "2013.07.17"]
[Round "3.53"]
[White "Vrublevskaya,O"]
[Black "Rjabzev,K"]
[Result "1/2-1/2"]
[WhiteElo "2156"]
[BlackElo "2290"]

1.d4 d6 2.e4 g6 3.Nc3 Bg7 4.Nf3 c6 5.a4 Nf6 6.Be2 O-O 7.O-O Bg4 8.Be3 Bxf3
9.Bxf3 d5 10.e5 Nfd7 11.Qd2 Re8 12.Bh6 Bh8 13.e6 fxe6 14.Bg4 Nf8 15.Bxf8 Kxf8
16.Qh6+ Bg7 17.Qxh7 Qd6 18.Rae1 e5 19.dxe5 Bxe5 20.Re3 Na6 21.Rfe1 Bxh2+
22.Qxh2 Qxh2+ 23.Kxh2 Nc5 24.b4 Na6 25.Bd7 Red8 26.Rxe7 d4 27.Nb1 Nxb4 28.Rh7 Nd5
29.Bg4 Nf6 30.Rh4 g5 31.Rh8+ Kg7 32.Rxd8 Rxd8 33.Bf5 Rd5 34.Bd3 Kf8 35.Nd2 Ra5
36.Nf3 c5 37.Nxg5 b6 38.Bb5 a6 39.Bc6 Kg7 40.Ne4 Ng4+ 41.Kg3 Ne5 42.Be8 c4
43.f4 Ng6 44.Rd1 Ne7 45.Nd6 d3 46.cxd3 c3 47.Rc1 Rd5 48.Ne4 Rxd3+ 49.Kf2 Kf8
50.Bh5 Nd5 51.g3 b5 52.axb5 axb5 53.Be2 Re3 54.Nxc3 Rxc3 55.Rxc3 Nxc3 56.Ke3 b4
57.Kd2 Ne4+ 58.Kc2 Nxg3 59.Bf3 Ke7 60.Kb3 Kf6 61.Kxb4 Kf5  1/2-1/2

[Event "Czech Open G1 Rapid 2013"]
[Site "Pardubice CZE"]
[Date "2013.07.18"]
[Round "5.59"]
[White "Pechac,Jergus"]
[Black "Jelinek,V"]
[Result "1-0"]
[WhiteElo "2182"]
[BlackElo "1985"]

1.e4 g6 2.d4 Bg7 3.Nc3 d6 4.Be3 Nf6 5.Qd2 c6 6.Nf3 Nbd7 7.Bd3 O-O 8.h4 h5
9.Ng5 b5 10.f4 Ng4 11.f5 Nxe3 12.Qxe3 Nb6 13.fxg6 fxg6 14.e5 Nc4 15.Bxc4+ bxc4
16.e6 Qb6 17.O-O-O Rb8 18.Rhf1 Qxb2+ 19.Kd2 c5 20.Rxf8+ Bxf8 21.Qe4 Bg7 22.Qxg6 cxd4
23.Qe8+ Bf8 24.Qf7+  1-0

[Event "Czech Open G1 Rapid 2013"]
[Site "Pardubice CZE"]
[Date "2013.07.18"]
[Round "6.34"]
[White "Sergeyev,A"]
[Black "Kholopov,A"]
[Result "1-0"]
[WhiteElo "2368"]
[BlackElo "2310"]

1.e4 d6 2.d4 g6 3.Nc3 Bg7 4.Bg5 c6 5.Qd2 b5 6.a4 b4 7.Nce2 Qa5 8.Nc1 Nf6
9.Nb3 Qc7 10.f3 c5 11.Bb5+ Bd7 12.e5 dxe5 13.dxc5 O-O 14.O-O-O Be6 15.Qxb4 Nc6
16.Bxc6 Qxc6 17.Qb5 Qc7 18.Ne2 Rab8 19.Qa5 Qc6 20.Nc3 Rb7 21.Rd8 Nd5 22.Rd1 Nxc3
23.Qxc3 f6 24.Rxf8+ Bxf8 25.Na5 Qc7 26.Nxb7 fxg5 27.Nd8 Bf5 28.Qc4+  1-0

[Event "Czech Open G1 Rapid 2013"]
[Site "Pardubice CZE"]
[Date "2013.07.18"]
[Round "7.57"]
[White "Borkovec,M"]
[Black "Jelinek,V"]
[Result "0-1"]
[WhiteElo "2188"]
[BlackElo "1985"]

1.e4 g6 2.d4 Bg7 3.Nc3 d6 4.f4 Nf6 5.Nf3 c5 6.dxc5 Qa5 7.Bd3 Qxc5 8.Qe2 O-O
9.Be3 Qa5 10.h3 Nc6 11.O-O e5 12.Qf2 Nh5 13.f5 Nf4 14.Qh4 Nxd3 15.cxd3 Qd8
16.Ng5 h6 17.f6 hxg5 18.Bxg5 Bh8 19.Nd5 Re8 20.Ne7+ Nxe7 21.fxe7 Qb6+ 22.Kh1 Be6
23.Rf2 Rac8 24.Raf1 Rc7 25.Bf6 Bxf6 26.Qxf6 Rcxe7 27.Rf4 exf4 28.Rxf4 Qa5
29.Rh4 Qe1+ 30.Kh2 Qxh4 31.Qxh4 Bxa2 32.Qf2 Kg7 33.Qxa7 Bb1 34.b4 f6 35.Qd4 Re6
36.Kg3 R8e7 37.Kf3 Kf7 38.Ke3 Rc7 39.Qb2 Bc2 40.Qd4 Ba4 41.Qb6 Rce7 42.Qa5 Be8
43.Kf3 f5 44.Qd5 Bc6 45.Qc4 fxe4+ 46.dxe4 Bxe4+ 47.Kg3 d5 48.Qd4 Rc6 49.Qf2+ Kg8
50.b5 Rc2 51.Qf6 Rxg2+ 52.Kh4 Rf7 53.Qe6 Rf2 54.b6 Rf6 55.Qc8+ Kg7 56.Qd8 Rf4+
57.Kg3 Rf3+ 58.Kh4 R7f4+ 59.Kg5 Rf5+ 60.Kh4 Rf7 61.Qe8 Bf5 62.Kg5 Rg3+ 63.Kh4 Rxh3+
64.Kg5 Rh5+ 65.Kf4 Bd7+  0-1

[Event "Czech Open G1 Rapid 2013"]
[Site "Pardubice CZE"]
[Date "2013.07.18"]
[Round "9.47"]
[White "Dorst,J"]
[Black "Jelinek,V"]
[Result "1-0"]
[WhiteElo "2236"]
[BlackElo "1985"]

1.e4 g6 2.d4 Bg7 3.Nc3 d6 4.f4 Nf6 5.Nf3 c5 6.dxc5 Qa5 7.Bd3 Qxc5 8.Qe2 Bg4
9.Be3 Qa5 10.h3 Bxf3 11.Qxf3 Nc6 12.O-O O-O 13.a3 Nd7 14.Bd2 Qb6+ 15.Kh2 e6
16.Rab1 Nd4 17.Qf2 Nc6 18.Qxb6 Nxb6 19.Nb5 Rad8 20.Be3 Rd7 21.Nxa7 Bd4 22.Bxd4 Nxd4
23.Nb5 Nxb5 24.Bxb5 Rc7 25.Bd3 d5 26.b3 Rfc8 27.Rfe1 Kg7 28.a4 dxe4 29.Rxe4 Nd5
30.Ra1 h5 31.a5 Rc3 32.a6 bxa6 33.Rxa6 R8c7 34.b4 Nf6 35.Re1 h4 36.b5 Nd5
37.Be4 Rb7 38.Rb1 f5 39.Bxd5 exd5 40.Rb2 Kh6 41.Rd6 Rc4 42.Rxd5 Rxf4 43.Rc5 Rf2
44.b6 f4 45.Rc7 f3 46.Rxb7 Rxg2+ 47.Kh1 Rg3 48.c4 Rxh3+ 49.Rh2 f2 50.Rf7  1-0

[Event "Yinzhou Cup CHN-USA"]
[Site "Ningbo CHN"]
[Date "2013.07.19"]
[Round "1.4"]
[White "Melekhina,A"]
[Black "Tan Zhongyi"]
[Result "0-1"]
[WhiteElo "2216"]
[BlackElo "2478"]

1.e4 d6 2.d4 g6 3.Nc3 Bg7 4.Nge2 Nf6 5.g3 O-O 6.Bg2 e5 7.O-O c6 8.h3 b5 9.a3 Bb7
10.Be3 Nbd7 11.Qd2 a5 12.Rfd1 Qc7 13.d5 cxd5 14.exd5 Ba6 15.a4 bxa4 16.Nxa4 e4
17.Rac1 Ne5 18.Nec3 Rab8 19.b3 Nf3+ 20.Bxf3 exf3 21.Bd4 Qd7 22.Qf4 Be2 23.Nxe2 fxe2
24.Rd2 Nxd5 25.Qg4 Qxg4 26.hxg4 Bh6 27.f4 Nxf4 28.gxf4 Bxf4 29.Bc3 Rfc8 30.Bxa5 Rxb3
31.Rxe2 Ra3 32.Nb6 Bxc1 33.Nxc8 Rxa5 34.Nxd6 Rg5 35.Rg2 Rd5 36.Ne4 Be3+ 37.Kf1 Rd4
38.Nc3 Kg7 39.Ke2 Bg5 40.Kf3 Rf4+ 41.Ke2 f5 42.gxf5 Rxf5 43.Ne4 Be7 44.c4 h5
45.Rf2 Ra5 46.Kd3 g5 47.c5 Bxc5 48.Rf5 Ra3+ 49.Ke2 Be7 50.Re5 Bf6 51.Rf5 Ra6
52.Nxf6 Kg6 53.Rb5 Kxf6 54.Kf2 Kg6 55.Kg3 h4+ 56.Kg2 Kh5 57.Rb4 Ra2+ 58.Kg1 h3
59.Rb1 Kh4 60.Kh1 g4 61.Rb4 Rf2 62.Ra4 Kg3 63.Ra1 Rf3 64.Rb1 Re3 65.Ra1 Kf2
66.Kh2 Kf3 67.Rf1+ Ke4 68.Rg1 Kf4 69.Rf1+ Rf3 70.Ra1 Rf2+ 71.Kg1 g3 72.Ra4+ Kf3
73.Ra3+ Kg4 74.Ra4+ Rf4 75.Ra2 h2+ 76.Kg2 Rf2+ 77.Kh1 Rf1+  0-1

[Event "Czech Open B 2013"]
[Site "Pardubice CZE"]
[Date "2013.07.19"]
[Round "1.7"]
[White "Rivonenko,Vladislav"]
[Black "Kuzmin,Gen"]
[Result "0-1"]
[WhiteElo "2009"]
[BlackElo "2426"]

1.e4 g6 2.d4 Bg7 3.Nc3 d6 4.Be3 a6 5.Qd2 Nd7 6.O-O-O b5 7.f3 Bb7 8.g4 c5
9.dxc5 Nxc5 10.Bd4 f6 11.h4 Rc8 12.g5 b4 13.Nd5 b3 14.Kb1 Nxe4 15.fxe4 bxc2+
16.Ka1 cxd1=Q+ 17.Qxd1 Bxd5 18.exd5 Qa5 19.Nf3 Qxd5 20.Bh3 Rc4 21.Re1 e5
22.Qb3 Ne7 23.gxf6 Bxf6 24.Qb8+ Kf7 25.Ng5+ Kg7 26.Qa7 Bxg5 27.hxg5 Rxd4
28.Rc1 Re8 29.Qd7 Rd1  0-1

[Event "17th Battle of Senta"]
[Site "Senta SRB"]
[Date "2013.07.19"]
[Round "8.12"]
[White "Markovic,Alek"]
[Black "Stanojevic,B"]
[Result "0-1"]
[WhiteElo "2111"]
[BlackElo "2302"]

1.e4 g6 2.d4 d6 3.Nc3 Bg7 4.f4 c6 5.Nf3 Bg4 6.Be2 Nd7 7.e5 Nh6 8.Be3 f6 9.exd6 exd6
10.d5 c5 11.O-O O-O 12.Bf2 Qb6 13.Qd2 Rfe8 14.Rfe1 Nf5 15.Bd3 Bh6 16.h3 Bxf3
17.Bxf5 gxf5 18.gxf3 Ne5 19.Qe2 Bxf4 20.Be3 Ng6 21.Qd2 Bxe3+ 22.Rxe3 c4  0-1

[Event "Thracian Princess ch-BUL Open w 2013"]
[Site "Vratsa BUL"]
[Date "2013.07.19"]
[Round "6.6"]
[White "Boneva,Z"]
[Black "Vasova,M"]
[Result "0-1"]
[WhiteElo "1947"]
[BlackElo "1910"]

1.e4 d6 2.d4 g6 3.Nc3 Bg7 4.Be3 a6 5.Qd2 Nd7 6.f4 Ngf6 7.h3 b5 8.a3 Bb7 9.Bd3 c5
10.dxc5 Nxc5 11.Bxc5 dxc5 12.e5 Nd7 13.Be4 Bxe4 14.Nxe4 Qc7 15.Qd5 O-O 16.O-O-O Rad8
17.Ne2 Nxe5 18.Qxc5 Qxc5 19.Nxc5 Nc4 20.c3 a5 21.g3 b4 22.axb4 axb4 23.b3 Ne3
24.Rxd8 Rxd8 25.c4 e6 26.Re1 Bf8 27.Ne4 Rd3 28.Nd2 h5 29.Ng1 Rc3+ 30.Kb1 Nc2
31.Rd1 Na3+ 32.Ka1 Bg7  0-1

[Event "15th TCh-Eur Senior"]
[Site "Dresden GER"]
[Date "2013.07.20"]
[Round "1"]
[White "James,GH"]
[Black "Beniest,Rene"]
[Result "1-0"]
[WhiteElo "2191"]
[BlackElo "2138"]

1.e4 g6 2.d4 Bg7 3.Nc3 d6 4.Be3 e6 5.Qd2 a6 6.a4 b6 7.f3 Bb7 8.Bd3 Nd7 9.Nge2 Ne7
10.Bh6 O-O 11.h4 Re8 12.h5 Nf8 13.hxg6 fxg6 14.g4 c5 15.dxc5 bxc5 16.Bxg7 Kxg7
17.Qh6+ Kh8 18.Nf4 Qd7 19.Bc4 e5 20.Nh5 Ng8 21.Bxg8 gxh5 22.Bd5 Rab8 23.Rxh5 Bxd5
24.Nxd5 Re6 25.Nf6 Qg7 26.g5 Qxh6 27.Rxh6 Rxb2 28.O-O-O Rb7 29.Rdh1 Rg7 30.R1h2 Ree7
31.Nd5 Re6 32.Nf6 Ree7 33.Kd2 Rg6 34.Kc3 Rxh6 35.gxh6 Rf7 36.Rf2 Ne6 37.Ne8 Rf5
38.exf5 Nd4 39.Nxd6 Kg8 40.Kc4 Nxc2 41.Kxc5 Ne1 42.Kb6 Nxf3 43.Ne4 Nd4 44.Kxa6 Nxf5
45.Kb7  1-0

[Event "Lueneburg Open 2013"]
[Site "Lueneburg GER"]
[Date "2013.07.20"]
[Round "6.2"]
[White "Karpatchev,A"]
[Black "Chatalbashev,B"]
[Result "1/2-1/2"]
[WhiteElo "2484"]
[BlackElo "2560"]

1.e4 g6 2.d4 Bg7 3.Nc3 d6 4.f4 Nf6 5.Nf3 O-O 6.e5 Nfd7 7.Bc4 Nb6 8.Bb3 Nc6
9.a4 Na5 10.Ba2 Bf5 11.O-O c5 12.dxc5 dxc5 13.Qe2 c4 14.Rd1 Qe8 15.Be3 Nxa4
16.Nxa4 Qxa4 17.b3 Qe8 18.b4 Nc6 19.Bxc4 Nxb4 20.Nd4 Qc8 21.Nxf5 gxf5 22.Rxa7 Rxa7
23.Bxa7 e6 24.Bb6 Qc6 25.Rd6 Qa4 26.Bb3 Qa1+ 27.Rd1 Qc3 28.Qd2 Qxd2 29.Rxd2 Rc8
30.Rd8+ Rxd8 31.Bxd8 Bf8 32.Kf2 Bc5+ 33.Ke2 Nc6 34.Bc7 Kf8 35.Kd3 Ke8 36.Ba4 Kd7
37.Ba5 Be7 38.Bd2 h5 39.g3 h4 40.gxh4 Bxh4 41.Ke2 f6 42.Bc3 fxe5 43.Bxe5 Ke7
44.Bc3 Kf7 45.Kd3 Ne7 46.Bd2 Ng6 47.Bd7 Bf2 48.Bc8 Bg1 49.h4 Nxh4 50.Bxb7 Ng6
51.Bf3 e5  1/2-1/2

[Event "8th Nana Aleksandria"]
[Site "Poti GEO"]
[Date "2013.07.20"]
[Round "9.4"]
[White "Zarkua,D"]
[Black "Morchiashvili,B"]
[Result "1-0"]
[WhiteElo "2416"]
[BlackElo "2370"]

1.d4 g6 2.e4 d6 3.Nc3 Bg7 4.f4 Nf6 5.Nf3 O-O 6.Bd3 c6 7.O-O Na6 8.e5 dxe5
9.fxe5 Nd5 10.Nxd5 cxd5 11.c3 Bg4 12.Qe1 e6 13.Ng5 h6 14.Qh4 Bf5 15.Bxf5 gxf5
16.Rf3 hxg5 17.Bxg5 f6 18.exf6 Bxf6 19.Rg3 Bxg5 20.Rxg5+ Kf7 21.Qh7+ Ke8
22.Rg7 Qd6 23.Re1 Rc8 24.Qg6+  1-0

[Event "28th Avoine Open"]
[Site "Avoine FRA"]
[Date "2013.07.21"]
[Round "2.4"]
[White "Grollemund,B"]
[Black "Haub,TM"]
[Result "1/2-1/2"]
[WhiteElo "2163"]
[BlackElo "2471"]

1.e4 g6 2.d4 Bg7 3.Nc3 d6 4.Be3 a6 5.Nf3 Nd7 6.Qd2 h6 7.Bd3 e6 8.O-O Ne7
9.Rfe1 Kf8 10.a4 Kg8 11.Rad1 b6 12.Ne2 Nf6 13.c4 Ng4 14.Bf4 e5 15.Bg3 exd4
16.Nexd4 Ne5 17.Nxe5 dxe5 18.Nf3 Nc6 19.Qc3 Qe7 20.c5 Qxc5 21.Bc4 Be6 22.Bxe6 Qxc3
23.bxc3 fxe6 24.Rd7 Rc8 25.Red1 Bf6 26.Kf1 Rh7 27.Rxh7 Kxh7 28.Rd7+ Kg8 29.h3 Kf8
30.Bh2 Ke8 31.Rh7 Kf8 32.Rd7 Ke8 33.Rh7 Kf8  1/2-1/2

[Event "65th ch-MNE 2013"]
[Site "Cetinje SRB"]
[Date "2013.07.21"]
[Round "2.9"]
[White "Djukic,Ni"]
[Black "Kisic,B"]
[Result "1-0"]
[WhiteElo "2543"]
[BlackElo "2047"]

1.e4 g6 2.d4 Bg7 3.Nc3 d6 4.f4 a6 5.Nf3 b5 6.Bd3 Nd7 7.e5 Bb7 8.a4 b4 9.Ne4 a5
10.Qe2 d5 11.Neg5 e6 12.g4 h6 13.Nxe6 fxe6 14.Bxg6+ Kf8 15.Bd3 c5 16.c3 Qb6
17.f5 cxd4 18.cxd4 Ba6 19.f6 Ngxf6 20.exf6 Bxf6 21.g5 Bxd3 22.Qxd3 hxg5 23.Bxg5 Ke7
24.Bxf6+ Kxf6 25.Rg1 Rhg8 26.Kd2 Rxg1 27.Rxg1 Ke7 28.Rg7+ Kd6 29.Ne5 Nf6
30.Rf7 Qd8 31.Qb5 Ne4+ 32.Kd3  1-0

[Event "15th TCh-Eur Senior"]
[Site "Dresden GER"]
[Date "2013.07.21"]
[Round "2"]
[White "Kirmas,J"]
[Black "Wicklund Hansen,R"]
[Result "1-0"]
[WhiteElo "2050"]
[BlackElo "1864"]

1.e4 g6 2.d4 Bg7 3.Nc3 d6 4.Be2 Nf6 5.h4 h5 6.Bg5 Nbd7 7.Qd2 a6 8.O-O-O b5
9.e5 b4 10.exf6 bxc3 11.Qxc3 Nxf6 12.Nf3 O-O 13.Rhe1 Rb8 14.Bc4 Bf5 15.Qe3 e6
16.Bxa6 Qd7 17.Bc4 Qc6 18.Bb3 Nd5 19.Qd2 Rxb3 20.axb3 Qa6 21.Qe2 Qa1+ 22.Kd2 Qxb2
23.Rc1 Bxd4 24.Qc4 Bc3+ 25.Ke2 Bxe1 26.Nxe1 Qc3 27.Qa4 Qe5+ 28.Kf1 Qh2 29.Qd4 f6
30.Bh6 Rf7 31.c4 c5 32.Qd2 Qxh4 33.cxd5 g5 34.dxe6 Bxe6 35.Nf3 Qh1+ 36.Ng1 Qh2
37.Qd3 Rb7 38.Qg6+  1-0

[Event "15th TCh-Eur Senior"]
[Site "Dresden GER"]
[Date "2013.07.21"]
[Round "2"]
[White "Karasev,Vl"]
[Black "Pedersen,Sven1"]
[Result "1-0"]
[WhiteElo "2363"]
[BlackElo "2225"]

1.e4 g6 2.d4 Bg7 3.Nc3 d6 4.Bc4 c6 5.Nf3 Nf6 6.Bb3 O-O 7.O-O Bg4 8.h3 Bxf3
9.Qxf3 Nbd7 10.Qe2 e5 11.dxe5 dxe5 12.a4 Nc5 13.Bc4 Qe7 14.b3 a5 15.Ba3 Nfd7
16.Rad1 Rfd8 17.Qe3 b6 18.g3 Qf6 19.Kg2 Bf8 20.f4 Ne6 21.f5 Nf4+ 22.gxf4 Bxa3
23.fxg6 Qxg6+ 24.Kh1 Bc5 25.Qf3 Kh8 26.Ne2 exf4 27.Nxf4 Qf6 28.Qh5 Qe5 29.Qxf7 Qxe4+
30.Ng2 Rg8 31.Rd2 Rg7 32.Qxg7+ Kxg7 33.Rxd7+ Kh6 34.Bd3 Qe6 35.Rxh7+ Kg5
36.h4+  1-0

[Event "15th TCh-Eur Senior"]
[Site "Dresden GER"]
[Date "2013.07.21"]
[Round "2"]
[White "Schlag,F"]
[Black "Phillips,William"]
[Result "1-0"]
[WhiteElo "2037"]
[BlackElo "1932"]

1.Nc3 g6 2.e4 Bg7 3.d4 d6 4.f4 c6 5.Bc4 Nf6 6.e5 dxe5 7.fxe5 Nd5 8.Nf3 Be6
9.Ng5 Nxc3 10.Nxe6 Nxd1 11.Nxd8 Kxd8 12.Kxd1 f6 13.e6 b5 14.Be2 Na6 15.a4 Nc7
16.axb5 Nxb5 17.Bxb5 cxb5 18.b4 f5 19.c3 Bf6 20.Rf1 a6 21.Kc2 Kc7 22.Bf4+ Kc6
23.Ra5 Kd5 24.Rfa1 Rhc8 25.Be3 Kxe6 26.Rxa6+ Rxa6 27.Rxa6+ Kd5 28.Kd3 Rc6
29.Ra7 Rb6 30.Rd7+ Rd6 31.Rc7 Ke6 32.Rc5 Rd5 33.c4 bxc4+ 34.Kxc4 Rd8 35.b5 Kf7
36.b6 f4 37.Bf2 Rb8 38.Kb4 e6 39.Rc7+ Ke8 40.b7 Bd8 41.Rxh7 Be7+ 42.Kc4 Rd8
43.Rxe7+ Kxe7 44.Bh4+  1-0

[Event "15th TCh-Eur Senior"]
[Site "Dresden GER"]
[Date "2013.07.21"]
[Round "2"]
[White "Malmdin,N"]
[Black "Rychlik,K"]
[Result "1/2-1/2"]
[WhiteElo "2242"]
[BlackElo "2098"]

1.e4 g6 2.d4 d6 3.Nc3 Bg7 4.Be3 a6 5.a4 Nc6 6.f4 e6 7.Be2 h5 8.Nf3 Nge7 9.O-O d5
10.e5 Nf5 11.Bf2 Bd7 12.Qd2 b6 13.Nd1 O-O 14.Ne3 Nce7 15.Nd1 Qc8 16.g3 c5
17.c3 c4 18.h3 Nh6 19.Nh2 b5 20.axb5 axb5 21.Rxa8 Qxa8 22.g4 hxg4 23.hxg4 Rb8
24.Bh4 Kf8 25.Bg5 Nhg8 26.Ne3 Qa5 27.Nc2 Nc6 28.Ra1 Qb6 29.Kg2 f6 30.exf6 Nxf6
31.Bxf6 Bxf6 32.g5 Bg7 33.Bg4 b4 34.Re1 Kf7 35.Qe2 Re8 36.Qe3 bxc3 37.bxc3 Ne7
38.Nf3 Nc6 39.Nb4 Nxb4 40.Ne5+ Bxe5 41.Qxe5 Nd3 42.Qf6+ Kg8 43.Qxg6+ Kf8
44.Qf6+  1/2-1/2